[Event "BLR-ch sf"]
[Site "Minsk"]
[Date "2023.12.15"]
[Round "9"]
[White "Dobrovskiy, David"]
[Black "Prakharenka, Raman"]
[Result "1/2-1/2"]
[WhiteElo "1187"]
[BlackElo "1250"]
[PlyCount "141"]
[EventDate "2023.12.07"]
[EventType "swiss"]
[EventRounds "9"]
[EventCountry "BLR"]
[SourceTitle "CBM 217 Extra"]
[Source "ChessBase"]
[SourceDate "2024.01.31"]
[SourceVersion "1"]
[SourceVersionDate "2024.01.31"]
[SourceQuality "1"]

1. e4 c5 2. Nc3 Nc6 3. Bb5 Nd4 4. Nf3 a6 5. Bd3 Nc6 6. 0-0 e5 7. b3 Be7 8. Bb2 Nf6 9. Nd5 d6 10. Ne3 0-0 11. c3 h6 12. Bc2 d5 13. Nxd5 Nxd5 14. exd5 Qxd5 15. Re1 Qd6 16. Be4 Bg4 17. Bxc6 bxc6 18. c4 Bf6 19. Bc3 Rfe8 20. h3 Bh5 21. g4 Bg6 22. Re3 Rad8 23. Re2 e4 24. Bxf6 exf3 25. Rxe8+ Rxe8 26. Bc3 Re2 27. d3 Bxd3 28. a3 Qg6 29. Qc1 Rc2 30. Qe1 h5 31. Be5 hxg4 32. Bg3 gxh3 33. Qe8+ Kh7 34. Qd8 Bf5 35. Rd1 Re2 36. Qh4+ Qh6 37. Qxh6+ Kxh6 38. Rd6+ Re6 39. Rd2 Re1+ 40. Kh2 Rb1 41. Rd6+ Be6 42. Rxc6 Rxb3 43. Rxc5 Rxa3 44. Bc7 Rc3 45. Bf4+ Kh7 46. Rh5+ Kg8 47. c5 f6 48. Be3 Rc4 49. Kh1 a5 50. c6 Rxc6 51. Rxa5 Rd6 52. Ra4 g5 53. Kh2 Kf7 54. Rb4 Kg6 55. Ra4 f5 56. Rb4 f4 57. Bd4 Rc6 58. Be5 Bc4 59. Rb1 Kf5 60. Bb8 Re6 61. Ba7 g4 62. Rc1 Bd5 63. Rc5 Ke4 64. Ra5 Rg6 65. Ra4+ Kf5 66. Ra5 g3+ 67. fxg3 fxg3+ 68. Kxh3 Ke4 69. Ra4+ Ke5 70. Bb8+ Kf5 71. Bxg3 1/2-1/2

[Event "BLR-ch sf"]
[Site "Minsk"]
[Date "2023.12.10"]
[Round "4"]
[White "Bas, Marsel"]
[Black "Dobrovskiy, David"]
[Result "1/2-1/2"]
[WhiteElo "1402"]
[BlackElo "1187"]
[PlyCount "97"]
[EventDate "2023.12.07"]
[EventType "swiss"]
[EventRounds "9"]
[EventCountry "BLR"]
[SourceTitle "CBM 217 Extra"]
[Source "ChessBase"]
[SourceDate "2024.01.31"]
[SourceVersion "1"]
[SourceVersionDate "2024.01.31"]
[SourceQuality "1"]

1. e4 d6 2. d4 Nf6 3. Nc3 g6 4. Nf3 Bg7 5. Bg5 c6 6. Qd2 Nbd7 7. Bh6 0-0 8. Bxg7 Kxg7 9. Bd3 e5 10. 0-0-0 b5 11. Kb1 b4 12. Ne2 Qa5 13. Nc1 c5 14. dxe5 Nxe5 15. Nxe5 dxe5 16. Qe2 Qb6 17. Bc4 a5 18. Rd2 Bb7 19. f3 Rfd8 20. Rhd1 Rac8 21. Rxd8 Rxd8 22. Rxd8 Qxd8 23. Qd3 Qc7 24. Nb3 a4 25. Nd2 h5 26. Bb5 Bc6 27. Bxc6 Qxc6 28. Nc4 Qc7 29. c3 b3 30. axb3 axb3 31. Qd6 Qxd6 32. Nxd6 Nd7 33. Nc4 f5 34. exf5 gxf5 35. Nd2 Kg6 36. Nxb3 Kg5 37. Kc2 Kf4 38. Kd3 e4+ 39. fxe4 fxe4+ 40. Ke2 h4 41. g3+ hxg3 42. hxg3+ Kxg3 43. Ke3 Nb6 44. Kxe4 Na4 45. Kd5 Nxb2 46. Nxc5 Nd1 47. c4 Ne3+ 48. Kd4 Nxc4 49. Kxc4 1/2-1/2